| 000 | 00000nas 2200000za 4500 |
| 001 | 9.507347 |
| 003 | CaOODSP |
| 005 | 20221107133753 |
| 007 | cr ||||||||||| |
| 008 | 150406d19972004oncar p o f0 a0eng|d |
| 022 | |a1493-3942 |
| 040 | |aCaOODSP|beng |
| 043 | |an-cn--- |
| 086 | 1 |aBC1E-PDF |
| 110 | 1 |aCanada.|bCanadian Broadcasting Corporation. |
| 210 | 0 |aAnnu. rep. |b(Can. Broadcast. Corp., Online) |
| 222 | 0|aAnnual report |b(Canadian Broadcasting Corporation. Online) |
| 240 | 10|aAnnual report (Online) |
| 245 | 10|aAnnual report |h[electronic resource]. |
| 246 | 13|aCBC annual report |
| 260 | |a[Ottawa] : |bCanadian Broadcasting Corporation, |c[1997-2004] |
| 310 | |aAnnual |
| 362 | 1 |aBegan with 1996/1997; ceased with 2003/2004. |
| 500 | |aIssued also in French under title: Rapport annuel. |
| 515 | |aReport year ends Mar. 31. |
| 530 | |aIssued also in print. |
| 775 | 08|tRapport annuel |w(CaOODSP)9.502208 |
| 785 | 00|tCBC/Radio-Canada annual report |w(CaOODSP)9.505803 |